| 000 | 00786nam a2200241 c 4500 | ||
|---|---|---|---|
| 001 | a5401692 | ||
| 003 | CO-ViMGA | ||
| 005 | 20230915234536.0 | ||
| 008 | 130923s2013 sp a | |||| 000 1 spa | ||
| 020 | _a9788490244296 | ||
| 040 |
_aCO-ViMGA _bspa _cCO-ViMGA |
||
| 041 | 1 | _heng | |
| 082 | 0 | 4 |
_a741.5 _bB78d |
| 245 | 0 | 0 |
_aDestino manifiesto / _cBrubaker ... [et al. ; traducción, Santiago García] |
| 260 |
_aTorroella de Montgrí, Girona _bPanini España ; _aBarcelona _bdistribución, SD Distribuciones _cD.L. 2013. |
||
| 300 |
_a[264] p. _bprincipalmente il. col. _c27 cm. |
||
| 490 | 0 | _aMarvel deluxe | |
| 490 | 0 | _aPatrulla X | |
| 650 | 1 | 4 |
_aComics _9284 |
| 650 | 1 | 4 |
_aTiras comicas, historietas, etc. _92479 |
| 700 | 1 |
_aBrubaker, Ed _d1966- _98870 |
|
| 942 |
_2ddc _cBK |
||
| 999 |
_c37898 _d37898 |
||